| 000 | 00750nam a2200217 a 4500 | ||
|---|---|---|---|
| 003 | PILC | ||
| 005 | 20160303144132.0 | ||
| 008 | 110928s19uu xx 00 eng d | ||
| 020 | _a9780230619838 | ||
| 050 |
_aGE 146 _b.H37 2010 |
||
| 100 | _aHernan, Robert Emmet. | ||
| 245 |
_aThis borrowed earth : _blessons from the 15 worst environmental disasters around the world / _cRobert Emmet Hernan. |
||
| 260 |
_aNew York : _bPalgrave Macmillan, _c2010. |
||
| 300 |
_a235 pages : _billustrations ; _c23 cm. |
||
| 500 | _aIncludes bibliographical references and index. | ||
| 650 |
_aEnvironmental disaster - _xCase studies. |
||
| 700 | _aforeword by Bill Mckibben. | ||
| 700 | _apreface by Graham Nash. | ||
| 942 |
_cBK _2lcc _kFOR |
||
| 999 |
_c24698 _d24698 |
||